000 00700nam a2200181Ia 4500
008 100920s9999 xx 000 0 und d
082 _b22031
_a51 थ 70
100 _aहर्षे द. स.
245 _aप्रीति-संगमावरील सन्मित्र.
260 _bहिंदु राष्ट्र जागृती प्रकाशन.
_c1970
300 _a20
_bसाधी
365 _b0.6
520 _aचरित्र.
630 _aप्रीति-संगमावरील सन्मित्र.
650 _aचरित्र.
730 _aप्रीति-संगमावरील सन्मित्र.
942 _cBOOK
999 _c681758
_d681755